000
00308nam a22001337a 4500
999
_c
532928
_d
532928
003
NUST
038
_a
M.Ramzan
082
_a
00000
_b
NUS
100
_a
NUST.
_9
1483
245
_a
Proceeding of International workshop edition../
260
_a
Islamabad:
_b
NUST,
_c
2011.
300
_a
307 p, :
942
_2
ddc
_c
BK